[Event "Civil Service op"]
[Site "London"]
[Date "2005.11.06"]
[Round "4"]
[White "Hetherington, Carl J"]
[Black "Worrall, Richard"]
[Result "1-0"]
[WhiteElo "2083"]
[BlackElo "1592"]
[PlyCount "53"]
[EventDate "2005.11.05"]
[EventType "swiss"]
[EventRounds "5"]
[EventCountry "ENG"]
[SourceTitle "EXT 2007"]
[Source "ChessBase"]
[SourceDate "2006.11.23"]
[SourceVersion "1"]
[SourceVersionDate "2006.11.23"]
[SourceQuality "1"]

1. Nf3 e6 2. g3 Nf6 3. Bg2 Be7 4. 0-0 0-0 5. d3 Nc6 6. e4 e5 7. Re1 d6 8. c3 Bg4 9. h3 Bh5 10. Nbd2 Bg6 11. Nh4 Nb8 12. Qb3 b6 13. d4 Nbd7 14. Nc4 exd4 15. Nxg6 hxg6 16. cxd4 d5 17. exd5 Bd6 18. Nxd6 cxd6 19. Bf4 Kh7 20. Bxd6 Rh8 21. Be7 Qb8 22. d6 Kg8 23. Rac1 a5 24. Rc7 Ra7 25. Rec1 Rxc7 26. dxc7 Qc8 27. Bb7 1-0

[Event "Southend op"]
[Site "London"]
[Date "1998.04.12"]
[Round "6"]
[White "Hetherington, Carl J"]
[Black "Barton, R Alan"]
[Result "1-0"]
[WhiteElo "1816"]
[BlackElo "2048"]
[PlyCount "109"]
[EventDate "1998.04.10"]
[EventType "swiss"]
[EventRounds "7"]
[EventCountry "ENG"]
[SourceTitle "EXT 2001"]
[Source "ChessBase"]
[SourceDate "2000.11.22"]
[SourceVersion "1"]
[SourceVersionDate "2000.11.22"]
[SourceQuality "1"]

1. Nf3 f5 2. g3 d6 3. Bg2 e5 4. d3 c6 5. Nc3 Be7 6. e4 Nf6 7. 0-0 0-0 8. Qe1 Qe8 9. exf5 Bxf5 10. Nh4 Bg4 11. h3 Bd7 12. Qe2 Na6 13. Be3 Nc7 14. Rae1 Nfd5 15. Nxd5 Nxd5 16. Nf3 Qg6 17. Kh2 Rf7 18. Nd2 h5 19. Bf3 Nxe3 20. fxe3 h4 21. g4 d5 22. Bg2 Raf8 23. Kg1 Qd6 24. Rxf7 Rxf7 25. Rf1 Rxf1+ 26. Bxf1 Qc5 27. Nf3 Qd6 28. Qf2 g5 29. Qd2 Qf6 30. Qf2 Bd6 31. Bg2 b6 32. Qd2 Be6 33. e4 Be7 34. exd5 cxd5 35. Qe2 Bc5+ 36. Kh1 Bd6 37. Qd2 Be7 38. Qe2 e4 39. dxe4 dxe4 40. Qxe4 Bxa2 41. b3 a5 42. Bf1 Kh8 43. Bd3 Kg7 44. Nd4 Kf8 45. Nf5 a4 46. Qxa4 Bb1 47. Qa8+ Bd8 48. Qd5 Ke8 49. Bb5+ Kf8 50. Bc4 Ke8 51. Qg8+ Kd7 52. Bb5+ Kc8 53. Qd5 Kc7 54. Qd7+ Kb8 55. Ba6 1-0

[Event "Southend op"]
[Site "London"]
[Date "1998.04.11"]
[Round "3"]
[White "Payne, Colin R"]
[Black "Hetherington, Carl J"]
[Result "0-1"]
[WhiteElo "1536"]
[BlackElo "1816"]
[PlyCount "72"]
[EventDate "1998.04.10"]
[EventType "swiss"]
[EventRounds "7"]
[EventCountry "ENG"]
[SourceTitle "EXT 2001"]
[Source "ChessBase"]
[SourceDate "2000.11.22"]
[SourceVersion "1"]
[SourceVersionDate "2000.11.22"]
[SourceQuality "1"]

1. e4 e6 2. d4 d5 3. e5 c5 4. c3 Nc6 5. Nf3 Qb6 6. Bd3 cxd4 7. cxd4 Bd7 8. Nc3 Nxd4 9. Nxd4 Qxd4 10. 0-0 a6 11. Qe2 Ne7 12. Kh1 Ng6 13. f4 Bc5 14. Bd2 Be7 15. Be3 Qb4 16. a3 Qa5 17. Qf2 Qd8 18. Bb6 Qb8 19. Rae1 0-0 20. Qe3 f6 21. exf6 Bxf6 22. Bxg6 hxg6 23. Qd3 Bxc3 24. bxc3 Bb5 25. Qxg6 Rf6 26. Qg4 Bxf1 27. Rxf1 e5 28. Qd7 Rxb6 29. Qxd5+ Kh8 30. fxe5 Rb5 31. Qe4 Qxe5 32. Qh4+ Qh5 33. Qe7 Re8 34. Qd6 Rg5 35. Qd3 Qg6 36. Qh3+ Kg8 0-1